[Event "Gilbert Cup"]
[Site "Stirling"]
[Date "2014.08.06"]
[Round "6.6"]
[White "Sivarajasingam, Venetia"]
[Black "Wen, Jessica"]
[Result "1-0"]
[WhiteElo "1315"]
[BlackElo "1590"]
[PlyCount "41"]
[EventDate "2014.08.04"]
[EventType "team-tourn"]
[EventRounds "6"]
[EventCountry "SCO"]
[SourceTitle "CBM 162 Extra"]
[Source "ChessBase"]
[SourceDate "2014.10.17"]
[SourceVersion "1"]
[SourceVersionDate "2014.10.17"]
[SourceQuality "1"]
[WhiteTeam "Wales"]
[BlackTeam "England"]
[WhiteTeamCountry "WLS"]
[BlackTeamCountry "ENG"]

1. e4 e5 2. Nf3 Nc6 3. Nc3 Nf6 4. d4 exd4 5. Nxd4 Bb4 6. Nxc6 bxc6 7. Bd3 d5 8. exd5 cxd5 9. 0-0 0-0 10. Bg5 c6 11. Qf3 Be7 12. Rfe1 Rb8 13. Na4 h6 14. Bxh6 Rb4 15. Qe3 Rxa4 16. Bxg7 Kxg7 17. Qg5+ Kh8 18. Qh6+ Kg8 19. Re5 Ne4 20. Rh5 Bf6 21. Qh7# 1-0

[Event "Gilbert Cup"]
[Site "Stirling"]
[Date "2014.08.05"]
[Round "3.6"]
[White "Wen, Jessica"]
[Black "Sivarajasingam, Venetia"]
[Result "1-0"]
[WhiteElo "1590"]
[BlackElo "1315"]
[PlyCount "173"]
[EventDate "2014.08.04"]
[EventType "team-tourn"]
[EventRounds "6"]
[EventCountry "SCO"]
[SourceTitle "CBM 162 Extra"]
[Source "ChessBase"]
[SourceDate "2014.10.17"]
[SourceVersion "1"]
[SourceVersionDate "2014.10.17"]
[SourceQuality "1"]
[WhiteTeam "England"]
[BlackTeam "Wales"]
[WhiteTeamCountry "ENG"]
[BlackTeamCountry "WLS"]

1. e4 e6 2. d4 d5 3. Nc3 dxe4 4. Nxe4 Nd7 5. Nf3 Ngf6 6. Nxf6+ Nxf6 7. Bd3 Be7 8. 0-0 0-0 9. Ne5 c5 10. dxc5 Bxc5 11. Bg5 h6 12. Bh4 Bd4 13. Ng4 Bxb2 14. Rb1 Bd4 15. Qf3 Re8 16. Rfd1 Qe7 17. Bh7+ Kxh7 18. Rxd4 e5 19. Nxf6+ gxf6 20. Bxf6 Qe6 21. Re1 Qf5 22. Qxf5+ Bxf5 23. Rc4 Re6 24. Bh4 Rd6 25. Rc7 Kg7 26. Rxb7 Bxc2 27. h3 e4 28. Rc1 Rd1+ 29. Rxd1 Bxd1 30. Kf1 a5 31. Ke1 Ba4 32. Rc7 Bb5 33. Kd2 Bd3 34. Ke3 Bf1 35. g3 Bxh3 36. Kxe4 Be6 37. a3 Rb8 38. Ra7 Rb5 39. Bd8 Bf5+ 40. Kf4 Be6 41. Bxa5 Rf5+ 42. Ke3 Bd5 43. Bb6 Rf3+ 44. Kd4 Be6 45. Ke4 Rf5 46. a4 Rg5 47. a5 Rb5 48. Rc7 Bd5+ 49. Kd4 Bf3 50. Rc3 Bb7 51. Ra3 Ba6 52. Rc3 Kf6 53. Rc6+ Kg7 54. Bd8 Bb7 55. Rb6 Rd5+ 56. Kc4 Ba8 57. Rb8 Bc6 58. a6 Rd7 59. Bb6 Bf3 60. a7 Rd6 61. Bd4+ f6 62. a8Q Bxa8 63. Rxa8 Rc6+ 64. Kd5 Rc2 65. Ke6 Re2+ 66. Kf5 Kf7 67. Ra7+ Re7 68. Rxe7+ Kxe7 69. Bxf6+ Kf7 70. f4 h5 71. Kg5 Kf8 72. Kxh5 Kf7 73. Be5 Ke6 74. g4 Kf7 75. Kh6 Kg8 76. g5 Kf7 77. Kh7 Kf8 78. g6 Ke7 79. g7 Kd7 80. g8Q Kc6 81. f5 Kb5 82. f6 Kb4 83. f7 Ka4 84. f8Q Kb5 85. Qd5+ Kb6 86. Qfc5+ Ka6 87. Qa5# 1-0

[Event "Hampstead op U2200 10"]
[Site "Hampstead"]
[Date "2013.10.26"]
[Round "1"]
[White "Falasca, Marco"]
[Black "Wen, Jessica"]
[Result "0-1"]
[WhiteElo "1544"]
[BlackElo "1802"]
[PlyCount "76"]
[EventDate "2013.10.26"]
[EventType "swiss"]
[EventRounds "5"]
[EventCountry "ENG"]
[SourceTitle "EXT 2015"]
[Source "ChessBase"]
[SourceDate "2014.11.20"]
[SourceVersion "1"]
[SourceVersionDate "2014.11.20"]
[SourceQuality "1"]

1. e4 e5 2. Nf3 Nc6 3. d4 exd4 4. Bc4 Nf6 5. e5 Qe7 6. 0-0 Ng4 7. Bxf7+ Qxf7 8. Ng5 Qf5 9. h3 Ngxe5 10. Re1 Be7 11. Qh5+ Qg6 12. Qxg6+ Nxg6 13. c3 0-0 14. Nf3 Bc5 15. b4 Bb6 16. a4 dxc3 17. b5 Nd4 18. Ba3 d6 19. Nxc3 Nc2 20. a5 Nxe1 21. Rxe1 Bxa5 22. Re3 Bxc3 23. Rxc3 Rf7 24. Bb2 Nf4 25. Re3 h6 26. h4 Bd7 27. Nd4 Re8 28. Rg3 Ne2+ 29. Nxe2 Rxe2 30. Bd4 Bxb5 31. Be3 Kh7 32. h5 c5 33. Kh2 Be8 34. Kg1 Rf5 35. Kf1 Bb5 36. Kg1 Rxh5 37. Rh3 Rxh3 38. gxh3 a5 0-1

[Event "BCF-ch U16"]
[Site "Torquay"]
[Date "2013.08.03"]
[Round "7.11"]
[White "Narayanan, Nandaja"]
[Black "Wen, Jessica"]
[Result "0-1"]
[WhiteElo "1418"]
[BlackElo "1802"]
[PlyCount "82"]
[EventDate "2013.07.29"]
[EventType "swiss"]
[EventRounds "7"]
[EventCountry "ENG"]
[SourceTitle "EXT 2023"]
[Source "ChessBase"]
[SourceDate "2022.10.05"]
[SourceVersion "1"]
[SourceVersionDate "2022.10.05"]
[SourceQuality "1"]

1. e4 e5 2. Nf3 Nc6 3. Bc4 Bc5 4. b4 Bxb4 5. c3 Ba5 6. d4 Nf6 7. Qd3 exd4 8. Nxd4 0-0 9. 0-0 Re8 10. f3 Ne5 11. Qe2 d5 12. exd5 Nxc4 13. Qxc4 Qxd5 14. Qxd5 Nxd5 15. Bd2 Bb6 16. Kh1 Bd7 17. Na3 a6 18. Rab1 Bxd4 19. cxd4 b5 20. Nc2 Bf5 21. Rfc1 Re2 22. Rb2 Rxd2 23. h3 Bxc2 24. Rbxc2 Rxc2 25. Rxc2 Rc8 26. Kh2 Nb4 27. Rb2 c5 28. a3 Nd5 29. Rc2 c4 30. Kg3 c3 31. Kf2 a5 32. Ke2 b4 33. axb4 axb4 34. Kd1 Ne3+ 35. Kc1 Nxc2 36. Kxc2 b3+ 37. Kc1 c2 38. d5 b2+ 39. Kxb2 c1Q+ 40. Kb3 Rb8+ 41. Ka4 Qa1# 0-1

[Event "BCF-ch U16"]
[Site "Torquay"]
[Date "2013.07.30"]
[Round "3"]
[White "Wen, Jessica"]
[Black "Mitra, Roman"]
[Result "0-1"]
[WhiteElo "1802"]
[BlackElo "1891"]
[PlyCount "128"]
[EventDate "2013.07.29"]
[EventType "swiss"]
[EventRounds "7"]
[EventCountry "ENG"]
[SourceTitle "EXT 2023"]
[Source "ChessBase"]
[SourceDate "2022.10.05"]
[SourceVersion "1"]
[SourceVersionDate "2022.10.05"]
[SourceQuality "1"]

1. e4 c5 2. Nc3 g6 3. Bc4 e6 4. f4 d6 5. Nf3 Bg7 6. 0-0 Ne7 7. d3 a6 8. a4 Nbc6 9. Bd2 Bd7 10. Qe1 Nd4 11. Nxd4 cxd4 12. Ne2 Bc6 13. b4 d5 14. exd5 Bxd5 15. Bxd5 Qxd5 16. c4 dxc3 17. Bxc3 Bxc3 18. Qxc3 0-0 19. Ng3 Rac8 20. Qd2 Rfd8 21. Rad1 Nc6 22. Kh1 Qd4 23. b5 Nb4 24. Rf3 Rc2 25. Qe1 Qb2 26. Qf1 Rdc8 27. Re3 Nd5 28. Ree1 Rf2 29. Qg1 Rcc2 30. Rb1 Qd4 31. Re2 Qxf4 32. Rxc2 Rxc2 33. bxa6 bxa6 34. Rf1 Qxa4 35. Qa7 Rc7 36. Qb8+ Kg7 37. Qb2+ f6 38. Ne4 e5 39. Ng5 Qc6 40. Ne4 Qc2 41. Qa3 Nf4 42. Nf2 Qc5 43. Qb2 Qd5 44. Rg1 Nxd3 45. Nxd3 Qxd3 46. Qb6 Qc4 47. h3 Qc6 48. Qb2 e4 49. Re1 Qe6 50. Qb8 Re7 51. Re3 Qe5 52. Qb6 a5 53. Kg1 f5 54. g3 Rd7 55. Kf2 Rd2+ 56. Kf1 Qa1+ 57. Re1 Qd4 58. Qc7+ Kf6 59. Qc6+ Kg5 60. Re2 Qd3 61. h4+ Kg4 62. Kg1 Qxe2 63. Qxe4+ fxe4 64. h5 Qg2# 0-1

[Event "Wch U16 Girls"]
[Site "Al Ain"]
[Date "2013.??.??"]
[Round "3"]
[White "Karania, Saloni"]
[Black "Wen, Jessica"]
[Result "1/2-1/2"]
[WhiteElo "1210"]
[BlackElo "1646"]
[PlyCount "76"]
[EventDate "2013.12.18"]
[EventType "swiss"]
[EventRounds "11"]
[EventCountry "UAE"]
[SourceTitle "CBM 158 Extra"]
[Source "ChessBase"]
[SourceDate "2014.02.28"]
[SourceVersion "1"]
[SourceVersionDate "2014.02.28"]
[SourceQuality "1"]

1. b3 e5 2. Bb2 Nc6 3. e3 Nf6 4. Bb5 d6 5. Bxc6+ bxc6 6. Nc3 Be7 7. Nf3 0-0 8. h3 Re8 9. Qe2 Nd5 10. Qd3 Nxc3 11. Qxc3 Bb7 12. d4 Bf6 13. 0-0-0 exd4 14. exd4 Qd7 15. Qd3 Re6 16. h4 h6 17. g4 g6 18. g5 Bg7 19. gxh6 Bxh6+ 20. Kb1 Kf8 21. h5 Ke7 22. hxg6 Rxg6 23. Nh4 Rf6 24. Rde1+ Kd8 25. Qh7 Re6 26. Nf5 Bf8 27. Qg8 Qe8 28. Rxe6 Qxe6 29. Qxf8+ Kd7 30. Qg7 Qxf5 31. Rh6 Qxf2 32. Rf6 Qe1+ 33. Bc1 Re8 34. Rxf7+ Re7 35. Rxe7+ Qxe7 36. Qxe7+ Kxe7 37. Kb2 a6 38. Bd2 Kd7 1/2-1/2

[Event "Wch U16 Girls"]
[Site "Al Ain"]
[Date "2013.??.??"]
[Round "2"]
[White "Wen, Jessica"]
[Black "Parnali, S Dharia"]
[Result "0-1"]
[WhiteElo "1646"]
[BlackElo "1895"]
[PlyCount "60"]
[EventDate "2013.12.18"]
[EventType "swiss"]
[EventRounds "11"]
[EventCountry "UAE"]
[SourceTitle "CBM 158 Extra"]
[Source "ChessBase"]
[SourceDate "2014.02.28"]
[SourceVersion "1"]
[SourceVersionDate "2014.02.28"]
[SourceQuality "1"]

1. e4 c5 2. Nc3 Nc6 3. Bb5 e6 4. f4 Nge7 5. Nf3 d5 6. d3 a6 7. Bxc6+ Nxc6 8. 0-0 Be7 9. Ne2 b5 10. Ng3 h5 11. h3 h4 12. Ne2 Bb7 13. f5 dxe4 14. dxe4 Qxd1 15. Rxd1 exf5 16. exf5 Rh5 17. Nf4 Rxf5 18. Nd5 Rd8 19. Nc7+ Kf8 20. Be3 Nb4 21. Nxh4 Bxh4 22. Rf1 Rxf1+ 23. Rxf1 Kg8 24. Bxc5 Nxc2 25. Rc1 Rd2 26. a3 Bg3 27. Bb6 Bxg2 28. Nxa6 Bxh3 29. Nb4 Bh2+ 30. Kh1 Bf5 0-1